Lataa...
Ramkavya ke pragatisheel aayam/
| Päätekijä: | |
|---|---|
| Aineistotyyppi: | Printed Book |
| Julkaistu: |
Allahabad:
Sathyendra Prakashan,
1982.
|
| LEADER | 00376nam a22001097a 4500 | ||
|---|---|---|---|
| 100 | |a Lakshminarayan Dube | ||
| 245 | |a Ramkavya ke pragatisheel aayam/ |c Lakshminarayan Dube | ||
| 260 | |a Allahabad: |b Sathyendra Prakashan, |c 1982. | ||
| 300 | |a 128p. | ||
| 942 | |2 ddc |c BK | ||
| 999 | |c 244811 |d 244811 | ||
| 952 | |0 0 |1 0 |4 0 |7 0 |9 271675 |a HIN |b HIN |c S-22 |d 2012-06-15 |i 11626 |l 0 |p HIN11626 |r 2014-02-07 |w 2014-02-07 |y BK | ||